000 00529nam a2200205Ia 4500
001 12644
003 GE_BSU
008 181216s||||||||xx |||||||||||||| ||und||
040 _cGE_BSU
080 _a634.1(075.32)
245 _aПлодоводство
245 _cПод ред. В.А.Колесникова Ред.И.А.Курзина
260 _aМосква
260 _bКолос
260 _c1979
300 _a414стр.22см.
300 _eТаблицы
653 _aПлодоводство
942 _cBK
999 _c45815
_d45815